Normal view MARC view

Entry Personal Name

Number of records used in: 3

001 - CONTROL NUMBER

  • control field: 1160889

003 - CONTROL NUMBER IDENTIFIER

  • control field: OSt

005 - DATE AND TIME OF LATEST TRANSACTION

  • control field: 20260324121025.0

008 - FIXED-LENGTH DATA ELEMENTS

  • fixed length control field: 260324|| aca||aabn | a|a d

040 ## - CATALOGING SOURCE

  • Original cataloging agency: OSt
  • Transcribing agency: OSt

100 ## - HEADING--PERSONAL NAME

  • Personal name: Robert M Morris; Paul Lawrence; Francis Dodsworth

670 ## - SOURCE DATA FOUND

  • Source citation: Work cat.: (OSt)1752734: Robert M Morris; Paul Lawrence; Francis Dodsworth, The Making of the Modern Police, 1780–1914, Part I Vol 3
Copyright @ Delhi University Library System